<?xml version="1.0" encoding="UTF-8"?><?xml-stylesheet type="text/xsl" href="static/style.xsl"?><OAI-PMH xmlns="http://www.openarchives.org/OAI/2.0/" xmlns:xsi="http://www.w3.org/2001/XMLSchema-instance" xsi:schemaLocation="http://www.openarchives.org/OAI/2.0/ http://www.openarchives.org/OAI/2.0/OAI-PMH.xsd"><responseDate>2026-06-05T15:30:46Z</responseDate><request verb="GetRecord" identifier="oai:riuma.uma.es:10630/22764" metadataPrefix="marc">https://riuma.uma.es/rest/oai/request</request><GetRecord><record><header><identifier>oai:riuma.uma.es:10630/22764</identifier><datestamp>2026-02-03T11:55:36Z</datestamp><setSpec>com_10630_2254</setSpec><setSpec>col_10630_37959</setSpec></header><metadata><record xmlns="http://www.loc.gov/MARC21/slim" xmlns:dcterms="http://purl.org/dc/terms/" xmlns:doc="http://www.lyncode.com/xoai" xmlns:xsi="http://www.w3.org/2001/XMLSchema-instance" xsi:schemaLocation="http://www.loc.gov/MARC21/slim http://www.loc.gov/standards/marcxml/schema/MARC21slim.xsd">
   <leader>00925njm 22002777a 4500</leader>
   <datafield ind2=" " ind1=" " tag="042">
      <subfield code="a">dc</subfield>
   </datafield>
   <datafield ind2=" " ind1=" " tag="720">
      <subfield code="a">Huércano Rubens, Carolina</subfield>
      <subfield code="e">author</subfield>
   </datafield>
   <datafield ind2=" " ind1=" " tag="720">
      <subfield code="a">Sánchez-Vera, Victoria</subfield>
      <subfield code="e">author</subfield>
   </datafield>
   <datafield ind2=" " ind1=" " tag="720">
      <subfield code="a">Percio-Vargas, Francisco</subfield>
      <subfield code="e">author</subfield>
   </datafield>
   <datafield ind2=" " ind1=" " tag="720">
      <subfield code="a">Morello-López, Jorge</subfield>
      <subfield code="e">author</subfield>
   </datafield>
   <datafield ind2=" " ind1=" " tag="720">
      <subfield code="a">Botella-Mesa, Miguel Ángel</subfield>
      <subfield code="e">author</subfield>
   </datafield>
   <datafield ind2=" " ind1=" " tag="720">
      <subfield code="a">Ruiz-López, Noemí</subfield>
      <subfield code="e">author</subfield>
   </datafield>
   <datafield ind2=" " ind1=" " tag="260">
      <subfield code="c">2021</subfield>
   </datafield>
   <datafield ind2=" " ind1=" " tag="520">
      <subfield code="a">Membrane contact sites (MCS) are discrete regions where two membranes from different organelles are closely apposed&#xd;
(10-30 nm). In those regions, non-vesicular transfer of lipids takes place to ensure proper organelle functioning. &#xd;
Arabidopsis SYT1 is one of the best characterized MCS protein, and it plays a relevant role in tolerance to abiotic stresses.&#xd;
SYT1 is a SMP (synaptotagmin-like mitocondrial lipid binding domain) containing protein localized at ER-PM contact&#xd;
sites. Recent studies suggest that this protein transfer glycerolipids between these two membranes. However, little is&#xd;
known about other SMP-containing proteins in plants, as their localization or their role in abiotic stress.&#xd;
We have focused on studying the rest of SMP-containing proteins in Arabidopsis thaliana and Solanum lycopersicum. To&#xd;
identify them, human E-Syt1 sequence was used to find the remote orthologues in plants. An interesting highlight of those&#xd;
results was that some SMP-containing proteins are exclusive from plants, there are no orthologues in human nor yeast. The&#xd;
subsequent step was the study of their subcellular location, that was carried out in Nicotiana benthamiana by transient&#xd;
expression of the SMP-containing proteins from Arabidopsis and Solanum, followed by confocal microscopy imaging. We&#xd;
have found that those proteins locate in different MCS across the cell: SYT6, NTMC2T6 and Tex2 localise in ER-Golgi&#xd;
contact sites, NTMC2T5 in ER-Chloroplast contact sites, and we have also confirmed that Solanum CLB1 and SYT5&#xd;
localized at ER-PM contact sites as their Arabidopsis counterparts. Additionally, we have analysed the root growth, seed&#xd;
germination rates and fully expanded cotyledons of Arabidopsis mutants for these genes in media supplemented with salt&#xd;
or ABA, and our results suggest that some of these proteins might be implicated in abiotic stress signalling through an&#xd;
ABA pathway.</subfield>
   </datafield>
   <datafield ind1="8" ind2=" " tag="024">
      <subfield code="a">https://hdl.handle.net/10630/22764</subfield>
   </datafield>
   <datafield tag="653" ind2=" " ind1=" ">
      <subfield code="a">Proteína SMP</subfield>
   </datafield>
   <datafield tag="653" ind2=" " ind1=" ">
      <subfield code="a">Lípidos</subfield>
   </datafield>
   <datafield tag="653" ind2=" " ind1=" ">
      <subfield code="a">Biología vegetal - Congresos</subfield>
   </datafield>
   <datafield ind2="0" ind1="0" tag="245">
      <subfield code="a">Localization and characterization of SMP-containing proteins in Membrane Contact Sites</subfield>
   </datafield>
</record>
</metadata></record></GetRecord></OAI-PMH>